000 00466nam a2200193Ia 4500
005 20250522104445.0
008 008 250516s9999 xx 000 0 eng d
020 _a9788184896152
040 _aSDCL
_beng
_cSDCL
041 _aeng
_2eng
084 _aB37:1, Q3
_qSDCL
100 _aDoob, J.L.
245 0 _aMeasure theory
260 _aNew Delhi:
_bSpringer,
_c2013.
300 _axii,210p.
365 _aINR
_b0
650 _aMathematics
942 _cTEXL
999 _c1430413
_d1430413